000 00869nam a2200265Ia 4500
003 OSt
005 20220918171217.0
006 a|||||r|||| 00| 0
007 ta
008 220917b |||||||| |||| 00| 0 eng d
020 _a9781412901017 (hbk)
_c6732.85
024 _a234,581
037 _bDU0027, 22/02/2008, Independent Publishers Group
_cTextual
040 _aARTS
_cARTS
_beng
041 _2eng
_aeng
082 _aW94g, P6(RR)
100 _aDelanty Gerard Ed.
_930298
245 0 _aSage handbook of nations and nationalism
260 _aLondon
_bSage Publications UK
_c2006
300 _axix,577p.
_ccm.
650 _aPOLITICAL SCIENCE
700 _a Krishan Kumar Ed.
_934792
942 _hW94g, P6(RR)
_cTEXL
_2CC
999 _c138347
_d138347